[Event "London Chess Classic FIDE Open"]
[Site "London ENG"]
[Date "2010.12.13"]
[Round "6"]
[White "Wohl,A"]
[Black "Avrukh,B"]
[Result "0-1"]
[WhiteElo "2424"]
[BlackElo "2625"]

1.Nf3 d5 2.g3 c6 3.Bg2 Nf6 4.b3 Bg4 5.Bb2 Nbd7 6.d3 e6 7.Nbd2 Bd6 8.h3 Bh5
9.O-O O-O 10.e4 Qc7 11.Qe1 e5 12.Nh4 Rfe8 13.Nf5 Bc5 14.a3 a5 15.Bf3 Bxf3
16.Nxf3 Bf8 17.Qe3 h6 18.Rfe1 a4 19.b4 c5 20.bxc5 dxe4 21.dxe4 Nxc5 22.Qc3 Qb6
23.Nd2 Rac8 24.Qb4 Qa6 25.Qc4 Qxc4 26.Nxc4 Ncxe4 27.Nxe5 Rxc2 28.Bd4 Bc5
29.Ng4 Nxg4 30.Bxc5 Nh2 31.Kxh2 Rxc5 32.Nd4 Rd5 33.Nf3 Re6 34.Kg2 b5 35.Rac1 g5
36.Re3 Kg7 37.Rb1 Nd6 38.Rc3 Re2 39.Ng1 Rxf2+ 40.Kxf2 Ne4+ 41.Ke3 Nxc3 42.Rc1 Nd1+
43.Ke4 Rd6 44.Rc5 Re6+ 45.Kd4 Nf2 46.Rxb5 Re4+ 47.Kc5 Re3 48.Kb4 Rxg3 49.Ne2 Re3
50.Nd4 Re4 51.Kc3 Nxh3 52.Rb4 Re3+ 53.Kb2 Kg6 54.Rxa4 Nf4 55.Ra8 Re4 56.Kc3 g4
57.Rg8+ Kh7 58.Rf8 Rxd4 59.Rxf7+ Kg6 60.Kxd4 Kxf7 61.a4 Ne6+  0-1

[Event "17th Open A"]
[Site "Zadar CRO"]
[Date "2010.12.13"]
[Round "2.17"]
[White "Martinovic,Sa"]
[Black "Somborski,N"]
[Result "1/2-1/2"]
[WhiteElo "2502"]
[BlackElo "2386"]

1.Nf3 d5 2.g3 Bg4 3.Bg2 Nd7 4.c4 c6 5.cxd5 cxd5 6.Qa4 Bxf3 7.Bxf3 Nf6 8.Nc3 e6
9.g4 h6 10.h4 g6 11.d3 a6 12.g5 b5 13.Qd1 hxg5 14.Bxg5 Be7 15.d4 Rc8 16.Qd3 Nb6
17.Kf1 Nc4 18.b3 Nd6 19.e3 Kf8 20.Kg2 Kg7 21.Rag1 Qc7 22.Ne2 Nfe4 23.Bxe4 Nxe4
24.Bxe7 Qxe7 25.f3 Nf6 26.Kf2 Nh5 27.Rg5 Qc7 28.a4 Qc2 29.Qxc2 Rxc2 30.axb5 axb5
31.Rgg1 Ra8 32.Rc1 Rb2 33.Rb1 Raa2 34.Rhe1 Kf6 35.f4 Ng7 36.Kf3 Nf5 37.Rxb2 Rxb2
38.Nc1 Nxh4+ 39.Kg3 Nf5+ 40.Kf3 Nd6 41.Re2 Rxe2 42.Kxe2 Ke7 43.Nd3 f6 44.Kf3 Ne4
45.b4 Nd2+ 46.Ke2 Nc4 47.Kf3 Kf7 48.Nc1 g5 49.fxg5 fxg5 50.Ne2 Nd2+ 51.Kg4 Ne4
52.Ng1 Kg6 53.Nf3 Nf2+ 54.Kg3 Nd3 55.Kg4 Nf2+ 56.Kg3 Ne4+ 57.Kg4 Kf6 58.Ne5 Nd6
59.Nd7+ Ke7 60.Ne5 Nc4 61.Kxg5 Nxe3 62.Nc6+ Kd7 63.Na7 Nc2 64.Nxb5 Kc6 65.Nc3 Nxd4
66.Kf6 Nb5 67.Na4 Kd6 68.Nc5 Nc7 69.Nb7+ Kc6 70.Nd8+ Kb5 71.Ke5 Kc4 72.Nc6 Kb5
73.Nd4+ Kc4 74.b5 Nxb5 75.Nxe6 Nc3 76.Nd4 Nd1 77.Nf5 Kc5 78.Kf4 Nb2 79.Ke3 Nc4+
80.Kd3  1/2-1/2

[Event "Bansko Grand Chess Open"]
[Site "Bansko BUL"]
[Date "2010.12.14"]
[Round "3.9"]
[White "Danielsen,Hen"]
[Black "Dobrev,Nan"]
[Result "0-1"]
[WhiteElo "2516"]
[BlackElo "2376"]

1.g3 d5 2.Nf3 c5 3.Bg2 Nc6 4.O-O Nf6 5.d3 e5 6.Bg5 Be7 7.Nfd2 Be6 8.c4 d4
9.Qa4 Qd7 10.Qb5 Nd8 11.Na3 a6 12.Qxd7+ Kxd7 13.e3 h6 14.Bxf6 Bxf6 15.Nc2 Nc6
16.Bd5 b5 17.Bxe6+ Kxe6 18.e4 Bg5 19.f4 exf4 20.gxf4 Bd8 21.Nb3 Bb6 22.Kg2 g5
23.Na3 gxf4 24.Rxf4 Rhg8+ 25.Kh3 Ne5 26.Raf1 Rg6 27.Nc1 b4 28.Nc2 Rag8 29.Ne1 Bd8
30.Ne2 Bg5 31.Rf5 Kd6 32.Ng3 Be7 33.Rxf7 Nxf7 34.Rxf7 Ke6 35.Rf1 Rf6 36.Nf3 b3
37.Nf5 bxa2 38.Ra1 a5 39.Rxa2 Ra8 40.Ra3 Rff8 41.Ng7+ Kf6 42.Nf5 a4  0-1

[Event "17th Open A"]
[Site "Zadar CRO"]
[Date "2010.12.14"]
[Round "4.14"]
[White "Saric,A"]
[Black "Kreisl,R"]
[Result "1/2-1/2"]
[WhiteElo "2492"]
[BlackElo "2386"]

1.Nf3 d5 2.g3 Nf6 3.Bg2 g6 4.c4 dxc4 5.Na3 Bg7 6.Nxc4 O-O 7.O-O Nc6 8.b3 a5
9.Bb2 Be6 10.d3 a4 11.bxa4 Bxc4 12.dxc4 Qxd1 13.Rfxd1 Rxa4 14.Ne5 Na5 15.c5 Ne4
16.Nd3 Nc3 17.Bxc3 Bxc3 18.Rac1 Bf6 19.Rc2 Ra8 20.Rb1 Ra7 21.Rb4 Ra3 22.h4  1/2-1/2

[Event "Bansko Grand Chess Open"]
[Site "Bansko BUL"]
[Date "2010.12.15"]
[Round "4.22"]
[White "Dichev,N"]
[Black "Velchev,H"]
[Result "1/2-1/2"]
[WhiteElo "2142"]
[BlackElo "2322"]

1.Nf3 d5 2.g3 Nf6 3.Bg2 c5 4.O-O Nc6 5.d3 e6 6.Nbd2 Be7 7.e4 b6 8.Re1 Bb7
9.e5 Nd7 10.h4 Qc7 11.Qe2 O-O-O 12.Nf1 h6 13.N1h2 Kb8 14.c3 Ba6 15.Ng4 Ka8
16.Bf4 c4 17.d4 b5 18.a3 Na5 19.Rad1 Nb6 20.Qc2 Bb7 21.h5 Bc6 22.Rd2 Na4
23.Rde2 Rdg8 24.Be3 Qd8 25.Nfh2 Qf8 26.f4 g6 27.hxg6 fxg6 28.Nf2 g5 29.fxg5 Bxg5
30.Nh3 Be8 31.Bxg5 Bg6 32.Qd2 hxg5 33.Rf2 Qe8 34.Nxg5 Bd3 35.Rf6 Qh5 36.Nhf3 Bf5
37.Kf2 Nb3 38.Qf4 Nxb2 39.Bf1 Qe8 40.Nh4 Qh5 41.Ngf3 Rg4 42.Rxf5 exf5 43.Qxf5 Qxf5
44.Nxf5 Nd3+ 45.Bxd3 cxd3 46.Rb1 Rf8 47.Ne3 Nd2 48.Nxg4 Nxb1 49.Nf6 d2 50.Ke2 Nxa3
51.Nxd2 Nc4 52.Nxd5 Nxd2 53.Kxd2 Kb7 54.Nf6 a5 55.g4 a4 56.Kc2 Rh8 57.Kb2 Rh2+
58.Ka3 Rc2 59.Nd5 Rg2 60.Nf6 Rc2 61.Nd5 Rg2 62.Nf6 Rc2 63.Nd5  1/2-1/2

[Event "2nd Balkan Grand Prix Final"]
[Site "Belgrade SRB"]
[Date "2010.12.15"]
[Round "3"]
[White "Dizdarevic,E"]
[Black "Blagojevic,Dr"]
[Result "1/2-1/2"]
[WhiteElo "2485"]
[BlackElo "2482"]

1.Nf3 d5 2.g3 c6 3.Bg2 Bg4 4.c4 e6 5.cxd5 Bxf3 6.Bxf3 cxd5 7.O-O Nc6 8.d4 Nf6
9.Nc3 Be7 10.Qd3 O-O  1/2-1/2

[Event "48th ch-IND"]
[Site "New Delhi IND"]
[Date "2010.12.17"]
[Round "8"]
[White "Kunte,A"]
[Black "Vaibhav,S"]
[Result "1-0"]
[WhiteElo "2517"]
[BlackElo "2418"]

1.Nf3 d5 2.g3 c6 3.Bg2 Bg4 4.c4 e6 5.cxd5 Bxf3 6.Bxf3 cxd5 7.Qb3 Qd7 8.d4 Nc6
9.e3 Nf6 10.O-O Be7 11.Nc3 O-O 12.Bd2 Rfc8 13.Rfc1 Na5 14.Qc2 Rc7 15.Be1 Rac8
16.Qd3 Nc4 17.b3 Na3 18.Bd2 b5 19.Bd1 b4 20.Ne2 Ne4 21.Be1 Ng5 22.Rxc7 Nf3+
23.Kg2 Nxe1+ 24.Kf1 Rxc7 25.Kxe1 Qc8 26.Kd2 f5 27.Rc1 Rxc1 28.Nxc1 g5 29.Bc2 Kf7
30.Kd1 Bd6 31.Qe2 Qxc2+ 32.Qxc2 Nxc2 33.Kxc2 f4 34.Kd3 Kf6 35.e4 fxg3 36.e5+ Kg6
37.exd6 gxh2 38.d7 h1=Q 39.Kd2 Qf3 40.d8=Q Qc3+ 41.Kd1 Qxd4+ 42.Ke2 Qb2+
43.Kd1 Qd4+ 44.Ke2 Qb2+ 45.Kd1 Qxf2 46.Qg8+ Kh5 47.Qxh7+ Kg4 48.Ne2 Qe3 49.Qg7 Qd3+
50.Ke1 Qb1+ 51.Kf2 Qf5+ 52.Ke3 a5 53.Qd4+ Kh3 54.Kd2 Qe4 55.Qxe4 dxe4 56.Ke3 Kg2
57.Nd4 g4 58.Nxe6 g3 59.Kxe4 Kf2 60.Nf4 Ke1 61.Kf3 Kd2 62.Nd5 Kd3 63.Ne7  1-0

[Event "7th UTD GM"]
[Site "Richardson USA"]
[Date "2010.12.17"]
[Round "3"]
[White "Sadorra,J"]
[Black "Yang,Dar"]
[Result "1-0"]
[WhiteElo "2473"]
[BlackElo "2417"]

1.Nf3 d5 2.g3 Nf6 3.Bg2 e6 4.c4 dxc4 5.Na3 Be7 6.Nxc4 c5 7.b3 O-O 8.Bb2 Nc6
9.O-O Nd5 10.d4 b5 11.Nce5 Nxe5 12.Nxe5 Bb7 13.Rc1 Rc8 14.Qd2 cxd4 15.Qxd4 f6
16.Qxa7 Rxc1 17.Rxc1 Qa8 18.Qxa8 Rxa8 19.Nc6 Bxc6 20.Rxc6 Kf7 21.Bxd5 exd5
22.a3 Bxa3 23.Rc7+ Be7 24.Bd4 Ke6 25.Bc5 Bxc5 26.Rxc5 Kd6 27.Rxb5 Kc6 28.Rb4 g5
29.Kg2 f5 30.h4 h6 31.Ra4  1-0

[Event "29th European Blitz"]
[Site "Warsaw POL"]
[Date "2010.12.17"]
[Round "11"]
[White "Movsesian,S"]
[Black "Socko,B"]
[Result "1-0"]
[WhiteElo "2721"]
[BlackElo "2660"]

1.g3 d5 2.Nf3 Nf6 3.Bg2 c5 4.O-O Nc6 5.d3 Bg4 6.Nbd2 e6 7.h3 Bh5 8.e4 Be7
9.c3 O-O 10.Qc2 Re8 11.a3 e5 12.Re1 Bf8 13.b3 d4 14.c4 Nd7 15.Nh2 Bd6 16.Rf1 Be2
17.Re1 Bh5 18.Ndf1 Qc7 19.f3 f6 20.h4 Nf8 21.Bh3 a6 22.Qf2 Ne6 23.Ra2 b5
24.f4 exf4 25.Bxe6+ Rxe6 26.gxf4 bxc4 27.bxc4 Rb8 28.Ng3 Bf7 29.e5 fxe5 30.f5 Ree8
31.Ne4 Be7 32.Qg3 Kh8 33.Rg2 Rg8 34.Bg5 Bd8 35.Ng4 Bh5 36.Nxc5 Bxg4 37.Ne6 Qd7
38.Qxg4 Bf6 39.Qe4 Nd8 40.Qd5 Qxd5 41.cxd5 Nf7 42.Rc1 Rgc8 43.Rc6 Nd8 44.Bxf6 gxf6
45.Rxc8 Rxc8 46.d6 Nf7 47.d7 Rb8 48.Rc2 Rg8+ 49.Kh2 Nd8 50.Rc8 Nb7  1-0

[Event "48th ch-IND"]
[Site "New Delhi IND"]
[Date "2010.12.18"]
[Round "9"]
[White "Ramakrishna,J"]
[Black "Soumya,Sw"]
[Result "0-1"]
[WhiteElo "2253"]
[BlackElo "2332"]

1.Nf3 d5 2.g3 Nf6 3.Bg2 c6 4.O-O Bg4 5.d3 Nbd7 6.Nbd2 e5 7.e4 dxe4 8.dxe4 Qc7
9.h3 Bh5 10.Qe2 Be7 11.g4 Bg6 12.Nh4 O-O 13.Nf5 Nc5 14.Re1 Ne6 15.Qf3 h5
16.Nc4 hxg4 17.hxg4 Rfe8 18.Qg3 Nd7 19.g5 b5 20.Nxe7+ Rxe7 21.Ne3 Nf4 22.Nf5 Ree8
23.Be3 Rad8 24.a4 Nb6 25.Qh4 bxa4 26.Bf1 Nbd5 27.Nxg7 Kxg7 28.Qh6+ Kg8 29.exd5 cxd5
30.Ra3 Qxc2 31.Bxf4 exf4 32.Rh3 Qxb2 33.Rd1 Re6 34.Qh4 Qg7 35.Qxf4 d4 36.Bc4 Red6
37.Re1 d3 38.Rhe3 Qf8 39.Rd1 Rd4 40.Qc7 Rc8  0-1

[Event "48th ch-IND"]
[Site "New Delhi IND"]
[Date "2010.12.18"]
[Round "9"]
[White "Venkatesh,M"]
[Black "Thejkumar,M"]
[Result "1-0"]
[WhiteElo "2434"]
[BlackElo "2448"]

1.Nf3 d5 2.g3 Nc6 3.Bg2 e5 4.d3 Nf6 5.O-O Be7 6.b3 O-O 7.e3 e4 8.Nfd2 exd3
9.cxd3 Bf5 10.Nf3 h6 11.Bb2 Qd7 12.a3 Rfe8 13.Qc2 Bh3 14.Nbd2 Bxg2 15.Kxg2 a5
16.Rad1 Qe6 17.h3 Nh7 18.Rfe1 Bf6 19.Bc1 Rad8 20.Nh2 d4 21.e4 Be7 22.f4 f5
23.exf5 Qxf5 24.Ne4 Nf6 25.Nxf6+ Bxf6 26.Nf3 Qb5 27.g4 Qd5 28.Kg3 b5 29.h4 h5
30.g5 Be7 31.Ne5 Bc5 32.Nxc6 Qxc6 33.Re4 Rxe4 34.dxe4 d3 35.Qg2 Qe6 36.Qf3 Qxb3
37.g6 Rd6 38.f5 a4 39.Bd2 Rd4 40.Re1 Bd6+ 41.e5 Be7 42.f6 Rg4+ 43.Kh3 Rxg6
44.fxe7 Qe6+ 45.Kh2 Qxe7 46.Bg5 Qxa3 47.Qd5+ Kh7 48.e6 Qb2+ 49.Kh3 Qf2 50.Qe4 d2
51.Rd1 Qb6 52.e7 Qe6+ 53.Qxe6 Rxe6 54.Rxd2 a3 55.Rd8 b4 56.e8=Q Rxe8 57.Rxe8 c5
58.Bc1  1-0

[Event "European Rapid Championship"]
[Site "Warsaw POL"]
[Date "2010.12.18"]
[Round "2"]
[White "Minina,V"]
[Black "Andriasian,Z"]
[Result "0-1"]
[WhiteElo "2147"]
[BlackElo "2585"]

1.Nf3 d5 2.g3 c6 3.Bg2 Nf6 4.c4 Bg4 5.cxd5 cxd5 6.Nc3 Nc6 7.O-O e6 8.d3 Be7
9.h3 Bh5 10.e4 O-O 11.exd5 Nxd5 12.Nxd5 Qxd5 13.Be3 Qb5 14.Qc2 Rac8 15.Rac1 Bxf3
16.Bxf3 Nd4 17.Qd1 Bf6 18.Rxc8 Rxc8 19.Be4 Qxb2 20.Qh5 g6 21.Qa5 a6 22.Qa4 Rd8
23.Kg2 Nf5 24.Bf4 Kg7 25.Qa5 Rc8 26.Bxf5 exf5 27.h4 h5 28.Qd5 Rd8 29.Qf3 Qxa2
30.Rc1 Qd5 31.Qxd5 Rxd5 32.Rc7 Rb5 33.Be3 a5 34.d4 a4 35.Rc8 Ra5 36.Bd2 Rd5
37.Ra8 b5 38.Ra5 Bxd4 39.Bb4 f4 40.Ra8 Rf5 41.Bf8+ Kh7 42.Rd8 f3+ 43.Kf1 Bf6
44.Rd7 Bg7 45.Bb4 Bb2 46.Ke1 Kg7 47.Rd8 Re5+ 48.Kf1 Re4 49.Bf8+ Kh7 50.Rd7 Kg8
51.Bd6 b4 52.Rd8+ Kg7  0-1

[Event "European Rapid Championship"]
[Site "Warsaw POL"]
[Date "2010.12.18"]
[Round "3"]
[White "Zickus,S"]
[Black "Tregubov,P"]
[Result "0-1"]
[WhiteElo "2320"]
[BlackElo "2598"]

1.Nf3 d5 2.g3 Nf6 3.Bg2 c6 4.O-O Bf5 5.d3 e6 6.Nc3 h6 7.Nd2 d4 8.Nce4 Nbd7
9.c3 e5 10.Nxf6+ Nxf6 11.cxd4 exd4 12.Qb3 Qd7 13.Nc4 Be6 14.Qc2 Be7 15.Ne5 Qc7
16.Nf3 Rd8 17.Bf4 Qb6 18.a3 O-O 19.b4 Nd5 20.Be5 Bf6 21.Bxf6 Nxf6 22.Rfc1 Rfe8
23.Qb2 a5 24.Rc5 axb4 25.axb4 Nd7 26.Rc2 Nb8 27.Nd2 Bd5 28.Bxd5 Rxd5 29.Nf3 Na6
30.Rb1 Nc7 31.Rc4 Nb5 32.Ra1 Rd6 33.Kg2 Qd8 34.Ra5 Qf6 35.Rxb5 cxb5 36.Rxd4 Rxd4
37.Nxd4 Qe5 38.Qc3 Rd8 39.e3 Qd5+ 40.Kg1 Ra8 41.e4 Qe5 42.f4 Qh5 43.e5 Ra2
44.Qc8+ Kh7 45.Qf5+ Qxf5 46.Nxf5 Rb2 47.d4 Rxb4 48.d5 Rb2 49.d6 Rd2 50.Kf1 b4
51.Ke1 Rd5 52.Ne3 Rd4 53.Nc2 b3 54.Na3 b2  0-1

[Event "2nd Balkan Grand Prix Final"]
[Site "Belgrade SRB"]
[Date "2010.12.19"]
[Round "9"]
[White "Drasko,M"]
[Black "Rusev,K"]
[Result "1/2-1/2"]
[WhiteElo "2479"]
[BlackElo "2530"]

1.Nf3 d5 2.g3 c6 3.Bg2 Bg4 4.O-O Nd7 5.d4 e6 6.Nbd2 Ngf6 7.Re1 Be7 8.e4 O-O
9.c3 Bh5 10.Qb3 Qb6  1/2-1/2

[Event "7th UTD GM"]
[Site "Richardson USA"]
[Date "2010.12.19"]
[Round "6"]
[White "Chirila,I"]
[Black "Zierk,S"]
[Result "1-0"]
[WhiteElo "2492"]
[BlackElo "2403"]

1.Nf3 d5 2.g3 g6 3.Bg2 Bg7 4.O-O Nf6 5.c4 c6 6.d3 O-O 7.Nbd2 Nbd7 8.Qc2 e5
9.Rd1 b6 10.e4 d4 11.b4 Qe7 12.a4 Bb7 13.c5 bxc5 14.bxc5 Rfb8 15.Nc4 Ne8
16.Ba3 Nf8 17.Nfd2 Ne6 18.Na5 Bf8 19.Qc4 Qc7 20.Ndb3 Bc8 21.Rab1 Nf6 22.Bh3 Ng5
23.Bg2 Nd7 24.f4 Ne6 25.f5 Nexc5 26.Nxc5 Nxc5 27.Bxc5 Qxa5 28.Bxf8 Kxf8 29.Qxc6 Qd8
30.Rdc1 Qe7 31.f6 Qe6 32.Qc5+ Ke8 33.Bh3 Qxf6 34.Rxb8 Rxb8 35.Bxc8 Qf3 36.Qxe5+ Kf8
37.Qd6+ Kg8 38.Qd8+ Kg7 39.Qxd4+ Kh6 40.Rf1 Qe2 41.Bh3  1-0

[Event "European Rapid Championship Playoff"]
[Site "Warsaw POL"]
[Date "2010.12.19"]
[Round "2"]
[White "Almasi,Z"]
[Black "Shirov,A"]
[Result "1-0"]
[WhiteElo "2721"]
[BlackElo "2735"]

1.Nf3 d5 2.g3 Bg4 3.Bg2 Nd7 4.O-O e5 5.d3 Ngf6 6.Nbd2 c6 7.h3 Bh5 8.Qe1 Bc5
9.Nh4 O-O 10.g4 Bg6 11.e3 Re8 12.Nxg6 hxg6 13.c4 Nf8 14.Nb3 Bb6 15.cxd5 cxd5
16.Bd2 e4 17.Bc3 Ne6 18.Rd1 Qe7 19.dxe4 dxe4 20.Qe2 Nc5 21.g5 Nfd7 22.h4 Nxb3
23.axb3 Rad8 24.b4 Bc7 25.Qg4 Nb6 26.Rxd8 Bxd8 27.Rd1 Bc7 28.h5 gxh5 29.Qxh5 Na4
30.Bd4 Bb6 31.g6 fxg6 32.Qxg6 Bxd4 33.Rxd4 Qf7 34.Qg4 Rf8 35.Qg3 Nxb2 36.Bxe4  1-0

[Event "European Rapid Championship"]
[Site "Warsaw POL"]
[Date "2010.12.19"]
[Round "13"]
[White "Chayka,V"]
[Black "Skawinski,A"]
[Result "1/2-1/2"]
[WhiteElo "2417"]
[BlackElo "2249"]

1.Nf3 d5 2.g3 Nf6 3.Bg2 c6 4.O-O Bg4 5.d4 Nbd7 6.Nbd2 e6 7.Re1 Be7 8.e4 dxe4
9.Nxe4 O-O 10.c3 Qb6 11.Qb3 Rfe8 12.Nxf6+ Bxf6 13.Be3 Qxb3 14.axb3 a6 15.Nd2 Rad8
16.Nc4 Nf8 17.Na5 Rd7 18.h3 Bh5 19.g4 Bg6 20.Red1 Bd8 21.Nc4 Bc7 22.b4 Bc2
23.Rd2 Bb3 24.Na5 Bxa5 25.Rxa5 Bd5 26.Ra1 Bxg2 27.Kxg2 e5 28.dxe5 Rxd2 29.Bxd2 Rxe5
30.Kf3 Ne6 31.Be3 Kf8 32.Rd1 Ke7 33.Rd2  1/2-1/2

[Event "48th ch-IND"]
[Site "New Delhi IND"]
[Date "2010.12.21"]
[Round "12"]
[White "Venkatesh,M"]
[Black "Deepan,C"]
[Result "1-0"]
[WhiteElo "2434"]
[BlackElo "2480"]

1.Nf3 d5 2.g3 Nf6 3.Bg2 Bf5 4.d3 h6 5.Nbd2 e6 6.O-O Be7 7.Qe1 O-O 8.e4 Bh7
9.Ne5 Nbd7 10.Nxd7 Qxd7 11.e5 Ne8 12.f4 c5 13.Kh1 Nc7 14.g4 c4 15.Qg3 cxd3
16.cxd3 Na6 17.Nb3 Nb4 18.f5 Qd8 19.f6 gxf6 20.Bxh6 Nxd3 21.Bxf8 Kxf8 22.Qh4 Kg8
23.exf6 Bd6 24.Qg5+ Bg6 25.Rf3  1-0

[Event "Schaakfestival Open A"]
[Site "Groningen NED"]
[Date "2010.12.23"]
[Round "3.8"]
[White "Romanishin,O"]
[Black "Herman,Ma"]
[Result "1/2-1/2"]
[WhiteElo "2534"]
[BlackElo "2149"]

1.Nf3 d5 2.g3 c6 3.Bg2 Nf6 4.O-O Bg4 5.c4 e6 6.Ne5 Bf5 7.d4 Nbd7 8.Nc3 Be7
9.Qb3 Qb6 10.Nxd7 Nxd7 11.e4 dxe4 12.Nxe4 O-O 13.Be3 Qxb3 14.axb3 Bxe4 15.Bxe4 Nf6
16.Bf3 a6 17.h3 Rfd8 18.Bg2 Rd7 19.Rfc1 Ne8 20.Rd1  1/2-1/2

[Event "Schaakfestival Open A"]
[Site "Groningen NED"]
[Date "2010.12.24"]
[Round "4.23"]
[White "Stjazhkina,O"]
[Black "Ypma,P"]
[Result "1-0"]
[WhiteElo "2240"]
[BlackElo "2080"]

1.Nf3 d5 2.g3 g6 3.Bg2 Bg7 4.O-O e5 5.d3 Ne7 6.e4 d4 7.c3 c5 8.Ne1 Nbc6 9.f4 h6
10.Nf3 f6 11.Na3 Be6 12.Nc2 Qd7 13.cxd4 cxd4 14.b4 b5 15.Bd2 O-O 16.Qc1 Kh7
17.a4 a6 18.axb5 axb5 19.Na3 Rfc8 20.Qb2 Nd8 21.Rfc1 Nf7 22.Rc5 Rxc5 23.bxc5 Qc6
24.Rc1 Nd8 25.Nc2 Qxc5 26.Bb4 Qa7 27.Ra1 Qxa1+ 28.Nxa1 Nec6 29.Bd2 b4 30.Nb3 Bf8
31.Be1 Na5 32.Nxa5 Rxa5 33.Nd2 Nc6 34.f5 Bf7 35.fxg6+ Kxg6 36.Bh3 Ra3 37.Bf5+ Kg7
38.Qb1 Na5 39.Qd1 Rxd3 40.Qg4+ Kh8 41.Be6 Bxe6 42.Qxe6 Bg7 43.Nc4 Nxc4 44.Qxc4 Re3
45.Bd2 Rxe4 46.Qc8+  1-0

[Event "Schaakfestival Open A"]
[Site "Groningen NED"]
[Date "2010.12.24"]
[Round "4.4"]
[White "Rotstein,A"]
[Black "Prohaszka,P2"]
[Result "1/2-1/2"]
[WhiteElo "2538"]
[BlackElo "2536"]

1.Nf3 d5 2.g3 c6 3.Bg2 Bg4 4.O-O Nf6 5.d4 Nbd7 6.Nbd2 e6 7.Re1 Be7 8.e4 O-O
9.e5 Ne8 10.c3 c5 11.dxc5 Nxc5 12.Nb3 Rc8 13.Nbd4 Nc7 14.h3 Bh5 15.Ne2 f5
16.exf6 Bxf6 17.Nf4 Bf7 18.Ne5 Bxe5 19.Rxe5 Qd6 20.Re1 e5 21.Nxd5 Nxd5 22.c4 Rcd8
23.cxd5 Bxd5 24.Bg5 Qc6 25.Bf1 Rd7 26.Rxe5 Ne4 27.Be3 Nxf2 28.Qc1 Ne4 29.Qxc6 bxc6
30.Bf4 h6 31.h4 g5 32.hxg5 hxg5 33.Bxg5 Rg7 34.Bh4 Nxg3 35.Rg5 Rxg5 36.Bxg5 Rxf1+
37.Rxf1 Nxf1 38.Kxf1 Bxa2  1/2-1/2

[Event "Surfers Paradise Open"]
[Site "Gold Coast AUS"]
[Date "2010.12.27"]
[Round "3"]
[White "Ikeda,J"]
[Black "Weller,T"]
[Result "1-0"]
[WhiteElo "2262"]
[BlackElo "1932"]

1.Nf3 d5 2.g3 Nf6 3.Bg2 Nc6 4.c4 d4 5.d3 e5 6.O-O Be7 7.Na3 Bf5 8.Nc2 Qd7
9.b4 e4 10.dxe4 Bxe4 11.b5 Na5 12.Ne5 Qf5 13.Bxe4 Qxe4 14.Bf4 c5 15.bxc6 Nxc6
16.f3 Qf5 17.Nxc6 bxc6 18.Nxd4 Bc5 19.Be3 Qe5 20.Bf2 Qd6 21.e4 O-O 22.Nf5 Bxf2+
23.Rxf2 Qb4 24.e5 Rfd8 25.Qc1 Ne8 26.Kg2 Rd3 27.Rb1 Qa5 28.Qg5 Rad8 29.e6 Qc3
30.Nh6+  1-0

[Event "Rilton Cup 2010-11"]
[Site "Stockholm SWE"]
[Date "2010.12.27"]
[Round "1"]
[White "Blomqvist,E"]
[Black "Markevich,I"]
[Result "1/2-1/2"]
[WhiteElo "2449"]
[BlackElo "2175"]

1.Nf3 d5 2.g3 e6 3.Bg2 c5 4.O-O Nc6 5.c4 Nf6 6.d4 Be7 7.cxd5 exd5 8.Nc3 O-O
9.b3 cxd4 10.Nxd4 Bc5 11.Nxc6 bxc6 12.Na4 Bd6 13.Bb2 Re8 14.Rc1 Bd7 15.e3 Ne4
16.f3 Nf6 17.e4 Qe7 18.e5 Bxe5 19.Bxe5 Qxe5 20.Nc5 Bf5 21.Qd2 Nd7 22.Na6 Qd6
23.Qb4 Qh6 24.Nc7 Rab8 25.Qf4 Qxf4 26.gxf4 Re2 27.Rf2 Rxf2 28.Kxf2 Rb6 29.Bf1 h6  1/2-1/2

[Event "IV Stadium Casablanca Open"]
[Site "Zaragoza ESP"]
[Date "2010.12.27"]
[Round "5"]
[White "Paunovic,D"]
[Black "Cifuentes Parada,R"]
[Result "1/2-1/2"]
[WhiteElo "2526"]
[BlackElo "2508"]

1.Nf3 d5 2.g3 c6 3.Bg2 Bg4 4.O-O Nd7 5.d3 e5 6.c4 dxc4 7.dxc4 Ngf6 8.Nc3 Bc5
9.Qc2 Qe7 10.Na4 Bd6 11.Nh4 O-O 12.h3 Be6 13.Be3 h6 14.Nf5 Bxf5 15.Qxf5 e4
16.Nc3 g6 17.Qa5 Kh7 18.Rad1 Bc5 19.Bxc5 Nxc5 20.Qa3 Rfe8 21.e3 h5 22.Na4 Nxa4
23.Qxa4 h4 24.g4 Qe5 25.Qb4 Re7 26.Qd6 Kg7 27.Qxe5 Rxe5 28.Rd4 a5 29.Rc1 a4
30.c5 Ra5 31.Rb4 Raxc5 32.Rxc5 Rxc5 33.Rxb7 Rc1+ 34.Kh2 Rc2 35.Kg1 Rc1+ 36.Kh2 Rc2
37.Kg1 a3  1/2-1/2

[Event "Schaakfestival Open A"]
[Site "Groningen NED"]
[Date "2010.12.28"]
[Round "7"]
[White "Rotstein,A"]
[Black "Andriasian,Z"]
[Result "1/2-1/2"]
[WhiteElo "2538"]
[BlackElo "2585"]

1.Nf3 d5 2.g3 c6 3.Bg2 Bg4 4.O-O Nd7 5.d4 Ngf6 6.Nbd2 g6 7.Re1 Bg7 8.c3 O-O
9.e4 e5 10.exd5 Nxd5 11.h3 Bxf3 12.Nxf3 exd4 13.Nxd4 Ne5 14.h4 Qb6 15.h5 Rfe8
16.a4 Nc4 17.Rxe8+ Rxe8 18.Bxd5 cxd5 19.b3 Nd6 20.Be3 Qc7 21.Qd3 Ne4 22.Nb5 Qe5  1/2-1/2

[Event "Surfers Paradise Open"]
[Site "Gold Coast AUS"]
[Date "2010.12.29"]
[Round "9"]
[White "Ikeda,J"]
[Black "Yu,Sal"]
[Result "1-0"]
[WhiteElo "2262"]
[BlackElo "1889"]

1.Nf3 d5 2.g3 Nf6 3.Bg2 e6 4.O-O Be7 5.d3 c5 6.Nbd2 O-O 7.e4 b6 8.Re1 Nc6
9.e5 Nd7 10.Nf1 f6 11.exf6 Nxf6 12.Bh3 e5 13.Bxc8 Qxc8 14.Nxe5 Nxe5 15.Rxe5 Bd6
16.Re1 Qh3 17.Qf3 Ne4 18.Qg2 Qxg2+ 19.Kxg2 Nf6 20.Bg5 h6 21.Bxf6 Rxf6 22.f4 Raf8
23.Re2 h5 24.h4 g6 25.Rae1 Kg7 26.Nh2 R8f7 27.Nf3 d4 28.Ng5 Rd7 29.Re8 b5
30.Ne4 Rf8 31.Rxf8 Bxf8 32.Ng5 Be7 33.Nf3 Bf6 34.Nd2 Kf7 35.b3 Bd8 36.Re5 Be7
37.Kf3 Rc7 38.Re1 Rd7 39.Ra1 Rc7 40.Ke2 Bf6 41.a4 b4 42.Kf2 Be7 43.Re1 Rd7
44.Kf3 Rc7 45.Nc4 Rb7 46.Re5 Rd7 47.Ke4 Kf6 48.f5 Kg7 49.Re6 gxf5+ 50.Kxf5 Rd5+
51.Re5 Rd7 52.Ke6 Rc7 53.Rxh5  1-0

[Event "Hastings Masters 2010-11"]
[Site "Hastings ENG"]
[Date "2010.12.29"]
[Round "2.19"]
[White "Radovanovic,J"]
[Black "Spanton,T"]
[Result "1-0"]
[WhiteElo "2276"]
[BlackElo "2030"]

1.Nf3 d5 2.g3 Nf6 3.Bg2 Nc6 4.O-O e5 5.d3 Be7 6.c4 dxc4 7.Qa4 cxd3 8.Nxe5 dxe2
9.Re1 O-O 10.Nxc6 bxc6 11.Nc3 Bd7 12.Bxc6 Bxc6 13.Qxc6 Bd6 14.Rxe2 Re8 15.Bg5 Rxe2
16.Nxe2 Qe8 17.Rc1 Rb8 18.Qxe8+ Rxe8 19.Rc2 Nd5 20.a3 f6 21.Bc1 Be5 22.Kg2 Kf7
23.h4 h5 24.Kf3 Rb8 25.Rc5 Ke6 26.b4 Kd6 27.Ra5 Rb7 28.Nf4 Bxf4 29.Bxf4+ Nxf4
30.gxf4 g6 31.f5 g5 32.hxg5 fxg5 33.f6 g4+ 34.Kf4 Ke6 35.Rxh5 Kxf6 36.Kxg4 Rb8
37.Rh6+ Ke5 38.f4+ Kd4 39.f5 a5 40.Kg5 axb4 41.axb4 Rxb4 42.Rh4+  1-0

[Event "34th Christmas Master Open"]
[Site "Zuerich SUI"]
[Date "2010.12.29"]
[Round "5"]
[White "Troyke,C"]
[Black "Ross,C"]
[Result "1/2-1/2"]
[WhiteElo "2371"]
[BlackElo "2223"]

1.g3 d5 2.Nf3 Nf6 3.Bg2 c6 4.c4 Bg4 5.Ne5 Bh5 6.cxd5 Nxd5 7.Nc3 e6 8.d4 Nd7
9.Nd3 Be7 10.O-O Qb6 11.Nxd5 exd5 12.Nf4 Bg6 13.b3 Nf6 14.Nxg6  1/2-1/2

[Event "34th Christmas Master Open"]
[Site "Zuerich SUI"]
[Date "2010.12.29"]
[Round "6"]
[White "Antognini,F"]
[Black "Osmanodja,F"]
[Result "1-0"]
[WhiteElo "2236"]
[BlackElo "2059"]

1.Nf3 d5 2.g3 Nf6 3.Bg2 Bf5 4.d3 Nbd7 5.c4 c6 6.O-O e6 7.Nbd2 Be7 8.b3 O-O
9.Bb2 h6 10.Rc1 Re8 11.Rc2 Bf8 12.Qa1 a5 13.a3 Qb6 14.Rfc1 Bc5 15.Bd4 Bxd4
16.Nxd4 Bg6 17.Bh3 Bh5 18.c5 Qc7 19.Re1 Bg4 20.Bxg4 Nxg4 21.e4 Nde5 22.Qc3 Nf6
23.f4 Ned7 24.e5 Nh7 25.N2f3 Nhf8 26.Rce2 Rac8 27.f5 b5 28.b4 a4 29.Qd2 Kh7
30.g4 g6 31.Qf4 Kg7 32.Re3 Nh7 33.f6+ Ndxf6 34.exf6+ Nxf6 35.Ne5 Qb7 36.Rf1  1-0

[Event "34th Christmas Master Open"]
[Site "Zuerich SUI"]
[Date "2010.12.29"]
[Round "6"]
[White "Pelletier,Y"]
[Black "Bindrich,F"]
[Result "1/2-1/2"]
[WhiteElo "2583"]
[BlackElo "2504"]

1.Nf3 d5 2.g3 Nf6 3.Bg2 g6 4.b3 Bg7 5.Bb2 O-O 6.c4 c6 7.O-O Bg4 8.d4 Nbd7
9.Nbd2 Qb6 10.h3 Bf5 11.Nh4 Be6 12.Qc2 Rac8 13.c5 Qa6 14.Rfe1 b6 15.b4 bxc5
16.bxc5 Rb8 17.Bc3 Ne4 18.Nxe4 dxe4 19.Bxe4 Bxh3 20.Nf3 e5 21.Rac1 Be6 22.Nxe5 Bxe5
23.dxe5 Nxc5 24.Bf3 Qxa2 25.Bd4 Qxc2 26.Rxc2 Nb3 27.Bxa7 Rb5 28.Rxc6  1/2-1/2

[Event "Rilton Cup 2010-11"]
[Site "Stockholm SWE"]
[Date "2010.12.30"]
[Round "4"]
[White "Jacobsen,Bo"]
[Black "Blomqvist,E"]
[Result "1/2-1/2"]
[WhiteElo "2317"]
[BlackElo "2449"]

1.g3 d5 2.Nf3 Nf6 3.Bg2 e6 4.c4 Be7 5.O-O O-O 6.d4 dxc4 7.Qc2 a6 8.Qxc4 b5
9.Qc2 Bb7 10.Bd2 Ra7 11.Rc1 Be4 12.Qb3 Nc6 13.e3 Qa8 14.Qd1 b4 15.Be1 a5
16.Nbd2 Bd5 17.Qe2 Nb8 18.Nh4 Bxg2 19.Nxg2 Nbd7 20.f3 c5 21.Nb3 cxd4 22.Nxd4 Bc5
23.Nb3 Bb6 24.Kh1 Rd8 25.e4 a4 26.Nd2 Bd4 27.Rab1 Qb8 28.b3 Qa8 29.Nc4 axb3
30.axb3 Bc5 31.Nf4 Be7 32.Nd3 Qb7 33.Bf2 Ra6 34.Ra1 Rda8 35.Rxa6 Qxa6 36.Rc2 h6
37.Kg2 Ne8  1/2-1/2

[Event "Czech Chess Christmas 2010-11"]
[Site "Litomysl CZE"]
[Date "2010.12.31"]
[Round "7.20"]
[White "Kastner,O"]
[Black "Navratil,Ji3"]
[Result "0-1"]
[WhiteElo "2070"]
[BlackElo "1996"]

1.Nf3 d5 2.g3 Nc6 3.d4 Bg4 4.Bg2 e6 5.O-O Bd6 6.b3 Nf6 7.Bb2 Ne7 8.c4 c6
9.Ne5 h5 10.Nc3 h4 11.Nxg4 Nxg4 12.e4 Nxh2 13.Kxh2 hxg3+ 14.Kg1 Nf5 15.exf5 Qh4
16.fxg3 Qxg3 17.Rf3 Rh1+  0-1